Twentieth century imperialism : (Record no. 452)
[ view plain ]
| 000 -LEADER | |
|---|---|
| fixed length control field | 00840pam a2200253 a 4500 |
| 001 - CONTROL NUMBER | |
| control field | 1637090 |
| 005 - DATE AND TIME OF LATEST TRANSACTION | |
| control field | 20240221044043.0 |
| 008 - FIXED-LENGTH DATA ELEMENTS--GENERAL INFORMATION | |
| fixed length control field | 961007s1997 ii b 001 0 eng |
| 020 ## - INTERNATIONAL STANDARD BOOK NUMBER | |
| ISBN | 8170366100 (India : Hb) |
| 020 ## - INTERNATIONAL STANDARD BOOK NUMBER | |
| ISBN | 8170366119 (India : Pb) |
| 020 ## - INTERNATIONAL STANDARD BOOK NUMBER | |
| ISBN | 0803993641 (US : Hb) |
| 020 ## - INTERNATIONAL STANDARD BOOK NUMBER | |
| ISBN | 080399365X (US : Pb) |
| 040 ## - CATALOGING SOURCE (பட்டியலாக்க மூலம்) | |
| Original cataloging agency | DLC |
| Transcribing agency | DLC |
| Modifying agency | DLC |
| 082 00 - DDC Classification | |
| Class No. | 320.5. |
| DDC Edition Number | 21 |
| Item Number - Author Mark | TWE. |
| 100 1# - MAIN ENTRY--PERSONAL NAME | |
| Personal name | Harshé, Rajen. |
| 245 10 - TITLE STATEMENT | |
| Title | Twentieth century imperialism : |
| Remainder of title | shifting contours and changing conceptions / |
| Statement of responsibility, etc. | Rajen Harshé. |
| 250 ## - EDITION STATEMENT | |
| Edition statement | 1st. |
| 260 ## - PUBLICATION, DISTRIBUTION, ETC. | |
| Place of publication, distribution, etc. | New Delhi ; |
| -- | Thousand Oaks, Calif. : |
| Name of publisher, distributor, etc. | Sage Publications, |
| Date of publication, distribution, etc. | 1997. |
| 300 ## - PHYSICAL DESCRIPTION | |
| Extent (e.g. Volumes, Pages etc.) | 276 p. ; |
| 650 #0 - SUBJECT ADDED ENTRY--TOPICAL TERM | |
| Topical term or geographic name entry element | Imperialism |
| 856 42 - ELECTRONIC LOCATION AND ACCESS | |
| Uniform Resource Identifier | <a href="http://www.loc.gov/catdir/enhancements/fy0657/96047334-d.html">http://www.loc.gov/catdir/enhancements/fy0657/96047334-d.html</a> |
| 856 41 - ELECTRONIC LOCATION AND ACCESS | |
| Uniform Resource Identifier | <a href="http://www.loc.gov/catdir/enhancements/fy0657/96047334-t.html">http://www.loc.gov/catdir/enhancements/fy0657/96047334-t.html</a> |
| 942 ## - Koha item type (Biblio) | |
| Koha item type | Books in Stacks (Lending) |
| Lost status | Damaged status | Collection code | Home library | Current library | Date acquired | Full call number | Accession Number | Item type |
|---|---|---|---|---|---|---|---|---|
| Lending | WERC Library | WERC Library | 02/21/2024 | 320.5. TWE. | 2760 | Books in Stacks (Lending) |
